Estudio técnico para la implementación de generadores eólicos

Formula un proyecto de energía eléctrica a través de generación eólica en la comunidad de San Bartolo como solución energética reduciendo así la vulnerabilidad de las familias pobres.

Bibliographic Details
Main Author: Saavedra García, Tatiana Genoveva
Other Authors: Tutor: Rivas Prado, Fernando
Format: Tesis Section = Libro
Language:Undetermined
Spanish
Published: Managua UNI 2011
Subjects:
LEADER 00991nam a2200253Ia 4500
008 240830s9999 xx 000 0 und d
040 |a BIBLIOTECA-RUSB/ T.Mon 621.312136 S112 
041 |a spa 
082 |a T.Mon 621.312136 S112 
100 1 |a Saavedra García, Tatiana Genoveva 
245 1 0 |a Estudio técnico para la implementación de generadores eólicos 
260 |a Managua  |b UNI  |c 2011 
300 |a 47 p. :il. 
500 |a Contiene: anexos. 
502 |a Tesis (Ingeniero Eléctrico) - UNI, 2011. 
520 3 |a Formula un proyecto de energía eléctrica a través de generación eólica en la comunidad de San Bartolo como solución energética reduciendo así la vulnerabilidad de las familias pobres. 
650 7 |a ENERGIA EOLICA 
650 7 |b  GENERACION DE ENERGIA ELECTRICA 
650 7 |c  DISTRIBUCION DE ENERGIA ELECTRICA 
650 7 |d  SISTEMAS DE ENERGIA ELECTRICA 
700 1 |a Tutor:  |b Rivas Prado, Fernando 
942 |c BK  |2 ddc 
991 |a TESIS 
999 |c 21826